000 00365nam a2200133Ia 4500
003 GCL
008 140319s9999 xx 000 0 ara d
040 _aGCL /
_cGCL
082 0 4 _aط
_b796
_bا م
245 1 0 _aالغطس
260 _a[S.N] :
_bدار الفكر العربى ،
_c1991
300 _a32 ص
490 _aالمعرفة الرياضية للبراعم
_v0
999 _c56525
_d56525